000 00655nam a2200241 i 4500
001 C2-0292195
003 PPAK
005 20180728024308.0
008 081216s2007 nyua|||| ||||| | eng d
020 _a9781416552192
040 _aPPAK
_beng
_cPPAK
_erda
082 0 4 _a973.92
_223
090 0 0 _a973.92
_bINC
_dRLCK
245 0 3 _aAn inconvenient book
264 1 _aNew York :
_bThreshold Editions ,
_c2007
300 _a295 pages :
_billustrations ;
_c24 cm
336 _2rdacontent
_atext
337 _2rdamedia
_aunmediated
338 _2rdacarrier
_avolume
650 1 0 _aUnited States - Civilization - 1970
700 _eauthor
942 _ddc
_cB
999 _c97145
_d97145